Capoluoghi delle regioni - Statistics

Statistiche generali
  • Questo quiz è stato fatto 167 volte
  • Il punteggio medio è 18 su 20
Statistiche sulle risposte
Hint Risposta % Corretto
Sicilia Palermo
98%
Lazio Roma
97%
Sardegna Cagliari
96%
Valle d'Aosta Aosta
95%
Lombardia Milano
95%
Piemonte Torino
95%
Veneto Venezia
95%
Toscana Firenze
94%
Campania Napoli
94%
Liguria Genova
93%
Friuli-Venezia-Giulia Trieste
91%
Molise Campobasso
88%
Abruzzo L'Aquila
88%
Umbria Perugia
88%
Marche Ancona
84%
Puglia Bari
76%
Emilia romagna Bologna
75%
Trentino Alto-Adige Trento
75%
Basilicata Potenza
72%
Calabria Reggio Calabria
70%
Nessun quiz corrispondente trovato
Distribuzione punteggi
Percentuale di utenti per punteggio
Percentile per numero di risposta
I tuoi punteggi nel tempo
Non hai fatto questo quiz